000 00763cam a22002654a 4500
005 20260322212008.0
008 data
010 _a 00052643
020 _a0451527860 (pbk. : alk. paper)
020 _a9780451527868 (pbk. : alk. paper)
040 _aDLC
_cDLC
_dDLC
041 1 _aeng
_hspa
042 _apcc
050 0 0 _aPQ6329
_b.A2 2001
082 0 0 _a863/.3
_221
092 _a863.3 A2 2001
100 1 _aCervantes Saavedra, Miguel de,
_d1547-1616.
240 1 0 _aDon Quixote.
_lEnglish
245 1 0 _aDon Quixote /
_cMiguel de Cervantes Saavedra & Walter Starkie.
260 _aNew York :
_bSignet Classic,
_c2001.
300 _a1050 p. ;
_c18 cm.
504 _aIncludes bibliographical references.
700 1 _aStarkie, Walter,
_d1894-1976.
001 data
999 _c157
_d157